00289nam a2200109 a 4500008004100000050001500041100001900056245004300075250001200118260004000130350000900170120416s1967 ||||||||||||||||| || u aTA 710 Ter aTerzaghi, Karl10aSoil mechanics in engineering practice a2nd ed. aNew YorkbJohn Wiley and Sonsc1967 a0.00